[Event "39. Torneo de Ajedrez Villa de Mislata"]
[Site "Mislata ESP"]
[Date "2005.08.19"]
[Round "2.1"]
[White "Cabrera, Alexis"]
[Black "Castro Santimoteo, Raul"]
[Result "0-1"]
[WhiteElo "2500"]
[BlackElo "2115"]
[PlyCount "45"]
[EventDate "2005.08.18"]
[EventType "swiss"]
[EventRounds "9"]
[EventCountry "ESP"]
[Source "lmi"]
[SourceDate "2005.08.27"]

1. e4 e6 2. d4 d5 3. Nc3 Bb4 4. e5 c5 5. a3 Ba5 6. b4 cxd4 7. Qg4 Ne7 8. bxa5
dxc3 9. Qxg7 Rg8 10. Qxh7 Nbc6 11. Nf3 Qc7 12. Bf4 Bd7 13. a6 b6 14. Bd3 O-O-O
15. O-O Ng6 16. Bxg6 Rxg6 17. Qxf7 Rdg8 18. Bg3 R6g7 19. Qf4 Rg4 20. Qe3 d4 21.
Qd3 Be8 22. h3 Bg6 23. Qc4 0-1

[Event "39. Torneo de Ajedrez Villa de Mislata"]
[Site "Mislata ESP"]
[Date "2005.08.19"]
[Round "2.4"]
[White "Castillo Martinez, Alberto"]
[Black "Veingold, Aleksandr"]
[Result "0-1"]
[WhiteElo "2102"]
[BlackElo "2465"]
[PlyCount "96"]
[EventDate "2005.08.18"]
[EventType "swiss"]
[EventRounds "9"]
[EventCountry "ESP"]
[Source "lmi"]
[SourceDate "2005.08.27"]

1. d4 Nf6 2. c4 e6 3. Nc3 Bb4 4. e3 O-O 5. Bd3 d5 6. Nf3 c5 7. O-O Nc6 8. a3
Bxc3 9. bxc3 Qc7 10. cxd5 exd5 11. a4 Re8 12. Ba3 c4 13. Bc2 Ne4 14. Bxe4 Rxe4
15. Nd2 Rh4 16. g3 Rh6 17. e4 Be6 18. f3 Rd8 19. Qc2 Rg6 20. Rfe1 Qd7 21. Nf1
f5 22. Ne3 f4 23. exd5 Bxd5 24. Nxd5 Qxd5 25. Kf2 Qh5 26. Kg2 Rh6 27. h4 Rg6
28. Qe4 Rxg3+ 29. Kf2 Qg6 30. Qxg6 Rxg6 31. Re4 Rf6 32. Rg1 Kf7 33. Rg4 Rd5 34.
Rgxf4 Ra5 35. d5 Rxd5 36. Rxc4 Rxf4 37. Rxf4+ Ke6 38. Ke3 Ne5 39. Bb2 Rc5 40.
Re4 Rc4 41. f4 Rxe4+ 42. Kxe4 Nc4 43. Bc1 Nd6+ 44. Kf3 h5 45. Be3 b6 46. Bd4
Nf5 47. Bf2 Kd5 48. a5 bxa5 0-1

[Event "39. Torneo de Ajedrez Villa de Mislata"]
[Site "Mislata ESP"]
[Date "2005.08.19"]
[Round "2.6"]
[White "Garcia Martinez, Cesar"]
[Black "Ortega Hermida, Daniel"]
[Result "0-1"]
[WhiteElo "2099"]
[BlackElo "2396"]
[PlyCount "68"]
[EventDate "2005.08.18"]
[EventType "swiss"]
[EventRounds "9"]
[EventCountry "ESP"]
[Source "lmi"]
[SourceDate "2005.08.27"]

1. e4 c5 2. Nf3 e6 3. d4 cxd4 4. Nxd4 Nc6 5. Be2 Nf6 6. Nxc6 bxc6 7. Nd2 d5 8.
exd5 cxd5 9. O-O Bd6 10. c4 O-O 11. cxd5 Nxd5 12. Ne4 Bxh2+ 13. Kxh2 Qh4+ 14.
Kg1 Qxe4 15. Bf3 Qf5 16. Re1 Bb7 17. Qd4 Qg6 18. Re5 h6 19. Re4 Nf6 20. Rf4
Bxf3 21. Rxf3 Rfd8 22. Qa4 Qe4 23. Qxe4 Rd1+ 24. Kh2 Nxe4 25. b4 Rc8 26. Bb2
Rd2 27. Bc1 Rxf2 28. Rxf2 Nxf2 29. a4 Ng4+ 30. Kg3 f5 31. Bb2 Rc2 32. Bd4 Rd2
33. Bxa7 Rd3+ 34. Kh4 g5+ 0-1

[Event "39. Torneo de Ajedrez Villa de Mislata"]
[Site "Mislata ESP"]
[Date "2005.08.19"]
[Round "2.8"]
[White "Mazzarelli, Ariel"]
[Black "Garcia Fernandez, Carlos"]
[Result "0-1"]
[WhiteElo "2074"]
[BlackElo "2349"]
[PlyCount "76"]
[EventDate "2005.08.18"]
[EventType "swiss"]
[EventRounds "9"]
[EventCountry "ESP"]
[Source "lmi"]
[SourceDate "2005.08.27"]

1. c4 e5 2. Nc3 Nf6 3. Nf3 d6 4. d4 Nbd7 5. Bg5 Be7 6. e3 O-O 7. Bd3 Re8 8. O-O
Bf8 9. dxe5 dxe5 10. Bf5 Nb6 11. Qxd8 Rxd8 12. Bxc8 Raxc8 13. Nxe5 Re8 14. Bxf6
gxf6 15. Ng4 Kg7 16. h3 f5 17. Nh2 Nxc4 18. Nf3 c6 19. b3 Nb6 20. Rfd1 Bb4 21.
Ne2 Nd5 22. Rd3 Kf6 23. Rad1 a5 24. Kf1 a4 25. bxa4 Ra8 26. a3 Ba5 27. Nf4 Nxf4
28. exf4 Bc7 29. Rd7 Re7 30. Rxe7 Kxe7 31. Rd4 Bd6 32. Ne5 f6 33. Nc4 Bc5 34.
Rd3 Rxa4 35. Rc3 Bd4 36. Rc2 Ke6 37. Re2+ Kd7 38. Rd2 Rxc4 0-1

[Event "39. Torneo de Ajedrez Villa de Mislata"]
[Site "Mislata ESP"]
[Date "2005.08.19"]
[Round "2.9"]
[White "Garcia Martinez, Silvino"]
[Black "Tenev Gochev, Petko"]
[Result "1-0"]
[WhiteElo "2337"]
[BlackElo "2053"]
[PlyCount "82"]
[EventDate "2005.08.18"]
[EventType "swiss"]
[EventRounds "9"]
[EventCountry "ESP"]
[Source "lmi"]
[SourceDate "2005.08.27"]

1. e4 e6 2. d4 d5 3. Nc3 Nf6 4. Bg5 Be7 5. e5 Nfd7 6. Bxe7 Qxe7 7. f4 a6 8. Nf3
c5 9. dxc5 Qxc5 10. Qd2 Nc6 11. Bd3 b5 12. a3 Bb7 13. b4 Qa7 14. Ne2 Nb6 15. f5
O-O-O 16. Qe3 exf5 17. Bxf5+ Kb8 18. Ned4 Nc4 19. Qf4 N4xe5 20. Nxe5 Rhe8 21.
Be6 Nxe5 22. Qxe5+ Ka8 23. O-O-O Qb6 24. Rhf1 fxe6 25. Rf7 Qd6 26. Re1 Rd7 27.
Qxd6 Rxd6 28. Rxg7 e5 29. Rxh7 Red8 30. Nb3 e4 31. Nd4 Rc8 32. Re3 Rf6 33. Kd2
Rf2+ 34. Re2 Rf1 35. h4 Ra1 36. Re3 Rc4 37. Nb3 Rxa3 38. Na5 Rxa5 39. bxa5 d4
40. Rg3 Bc8 41. Rg8 b4 1-0

[Event "39. Torneo de Ajedrez Villa de Mislata"]
[Site "Mislata ESP"]
[Date "2005.08.19"]
[Round "2.10"]
[White "Almenar Montaner, Vicente"]
[Black "Kovacevic, Slobodan"]
[Result "0-1"]
[WhiteElo "2031"]
[BlackElo "2314"]
[PlyCount "74"]
[EventDate "2005.08.18"]
[EventType "swiss"]
[EventRounds "9"]
[EventCountry "ESP"]
[Source "lmi"]
[SourceDate "2005.08.27"]

1. d4 Nf6 2. c4 e6 3. Nc3 c5 4. e3 a6 5. Nf3 b6 6. Be2 d6 7. O-O Nbd7 8. d5 e5
9. h3 g6 10. e4 Bg7 11. Nh2 O-O 12. Be3 h6 13. Qd2 Kh7 14. f4 exf4 15. Bxf4 Qe7
16. Rae1 Ne5 17. Nf3 Nfd7 18. Nd1 Nxf3+ 19. Bxf3 Ne5 20. b3 b5 21. Nb2 Bd7 22.
Nd3 bxc4 23. Bxe5 Bxe5 24. Nxe5 Qxe5 25. bxc4 Rfb8 26. Rb1 Kg7 27. Qf2 Be8 28.
Qc2 a5 29. Kh1 Bd7 30. Rxb8 Rxb8 31. Rb1 Rb4 32. Rxb4 cxb4 33. Qb3 Qc3 34.
Qxc3+ bxc3 35. Bd1 Kf6 36. Kg1 Ke5 37. Bc2 f5 0-1

[Event "39. Torneo de Ajedrez Villa de Mislata"]
[Site "Mislata ESP"]
[Date "2005.08.19"]
[Round "2.11"]
[White "Garcia Trobat, Francisco"]
[Black "Almagro Fernandez, Antonio"]
[Result "1-0"]
[WhiteElo "2313"]
[BlackElo "2036"]
[PlyCount "73"]
[EventDate "2005.08.18"]
[EventType "swiss"]
[EventRounds "9"]
[EventCountry "ESP"]
[Source "lmi"]
[SourceDate "2005.08.27"]

1. d4 Nf6 2. Nf3 d6 3. c4 g6 4. Nc3 Bg7 5. e4 O-O 6. Be2 Na6 7. O-O e5 8. Be3
Nd7 9. Rb1 f5 10. b4 Nf6 11. dxe5 Nxe4 12. Nxe4 fxe4 13. Qd5+ Kh8 14. Ng5 Qe7
15. exd6 cxd6 16. c5 Nc7 17. cxd6 Nxd5 18. dxe7 Nxe7 19. Bc5 Re8 20. Nf7+ Kg8
21. Nd6 Rd8 22. Bc4+ Kf8 23. Nxe4 b6 24. Be3 Bf5 25. Ng5 Rdc8 26. Nxh7+ Ke8 27.
Bb5+ Kf7 28. Rbd1 Rd8 29. h3 Rac8 30. g4 Bc2 31. Rxd8 Rxd8 32. Rc1 Rd1+ 33.
Rxd1 Bxd1 34. Ng5+ Kg8 35. Bc4+ Kh8 36. b5 Nc8 37. Bf4 1-0

[Event "39. Torneo de Ajedrez Villa de Mislata"]
[Site "Mislata ESP"]
[Date "2005.08.19"]
[Round "2.12"]
[White "Bixquert Jimenez, Francisco"]
[Black "Cruz Ravina, Francisco Javier"]
[Result "0-1"]
[WhiteElo "2021"]
[BlackElo "2303"]
[PlyCount "109"]
[EventDate "2005.08.18"]
[EventType "swiss"]
[EventRounds "9"]
[EventCountry "ESP"]
[Source "lmi"]
[SourceDate "2005.08.27"]

1. e4 d5 2. exd5 Nf6 3. c4 c6 4. d4 cxd5 5. Nc3 Nc6 6. Nf3 Bg4 7. cxd5 Nxd5 8.
Qb3 Nb6 9. d5 Bxf3 10. gxf3 Nd4 11. Bb5+ Nd7 12. Qd1 e5 13. dxe6 Nxe6 14. Be3
Bb4 15. Qa4 Bxc3+ 16. bxc3 a6 17. Be2 Qc7 18. O-O O-O 19. Rfd1 Rad8 20. Rab1
Ndc5 21. Qb4 Rxd1+ 22. Rxd1 Rd8 23. Rxd8+ Qxd8 24. Bc4 Qh4 25. Bxe6 Qxb4 26.
Bxf7+ Kxf7 27. cxb4 Nd3 28. a3 Ke6 29. Kf1 Kd5 30. Ke2 Kc4 31. Kd2 b5 32. f4 g6
33. h3 Nb2 34. Kc2 Na4 35. Ba7 Nc3 36. Bb8 h5 37. Be5 Ne4 38. f3 Ng3 39. Bc7
Nf5 40. Bb6 Nd4+ 41. Kd2 Nf5 42. Kc2 Nh4 43. Bd8 Nxf3 44. Bc7 Kd4 45. Bd6 Ke4
46. Kd1 Ng1 47. h4 Nf3 48. Be7 Kxf4 49. Ke2 g5 50. Bd6+ Ke4 51. hxg5 Nxg5 52.
Be7 h4 53. Bf6 h3 54. Kf2 h2 55. Kg2 0-1

[Event "39. Torneo de Ajedrez Villa de Mislata"]
[Site "Mislata ESP"]
[Date "2005.08.19"]
[Round "2.13"]
[White "Gomez Jurado, Luis Alberto"]
[Black "Picornell Morant, Jose Enrique"]
[Result "1-0"]
[WhiteElo "2292"]
[BlackElo "2013"]
[PlyCount "63"]
[EventDate "2005.08.18"]
[EventType "swiss"]
[EventRounds "9"]
[EventCountry "ESP"]
[Source "lmi"]
[SourceDate "2005.08.27"]

1. d4 Nf6 2. Nf3 g6 3. c4 Bg7 4. Nc3 d5 5. cxd5 Nxd5 6. e4 Nxc3 7. bxc3 c5 8.
Rb1 Nc6 9. d5 Bxc3+ 10. Bd2 Bxd2+ 11. Qxd2 Na5 12. Bb5+ Kf8 13. Qc3 f6 14. Qxc5
Qd6 15. Qc3 b6 16. O-O Bd7 17. e5 fxe5 18. Bxd7 Qxd7 19. Nxe5 Qxd5 20. Rfd1 Qe6
21. Nxg6+ hxg6 22. Qxh8+ Qg8 23. Qc3 Qf7 24. Rd3 Kg8 25. Re1 Re8 26. h4 Qc4 27.
Qxc4+ Nxc4 28. Rd7 a5 29. Rexe7 Rxe7 30. Rxe7 Kf8 31. Rb7 a4 32. f4 1-0

[Event "39. Torneo de Ajedrez Villa de Mislata"]
[Site "Mislata ESP"]
[Date "2005.08.19"]
[Round "2.14"]
[White "Miquel Badenes, Indalecio"]
[Black "Torres Sanchez, Jose"]
[Result "1/2-1/2"]
[WhiteElo "1998"]
[BlackElo "2283"]
[PlyCount "119"]
[EventDate "2005.08.18"]
[EventType "swiss"]
[EventRounds "9"]
[EventCountry "ESP"]
[Source "lmi"]
[SourceDate "2005.08.27"]

1. d4 g6 2. c4 Bg7 3. g3 c5 4. Nf3 cxd4 5. Nxd4 Nc6 6. Nxc6 bxc6 7. Nd2 Rb8 8.
Qc2 c5 9. Bg2 Nf6 10. O-O O-O 11. b3 d6 12. Bb2 Bb7 13. e4 h5 14. Rfe1 e5 15.
Rad1 h4 16. Nf1 hxg3 17. hxg3 Ne8 18. Ne3 Qg5 19. Bc1 Qh5 20. Qe2 Qxe2 21. Rxe2
Bh6 22. Rf1 Nc7 23. Nd5 Bxc1 24. Nxc7 Bg5 25. Nb5 a5 26. Nxd6 Bc6 27. f4 Bf6
28. Rd1 a4 29. Re3 axb3 30. Rxb3 Rfd8 31. Bf3 Rxb3 32. axb3 exf4 33. Nb5 Rxd1+
34. Bxd1 Bxe4 35. gxf4 Bh4 36. Nc3 Bc6 37. Kh2 Kg7 38. Nd5 Be1 39. Bc2 Bd7 40.
Kg2 Bg4 41. Ne3 Be2 42. Nd5 Kh6 43. Nc7 Bd2 44. Kg3 Kh5 45. Kf2 Bg4 46. Nd5 Kh4
47. Ne3 Bxe3+ 48. Kxe3 Kg3 49. Be4 Bd1 50. Bd5 f6 51. Bf7 g5 52. fxg5 fxg5 53.
Ke4 Kf2 54. Be6 Bf3+ 55. Ke5 Ke3 56. Bf5 Bb7 57. Be6 Be4 58. Bg4 Bc2 59. Kd5
Kf4 60. Bh5 1/2-1/2

[Event "39. Torneo de Ajedrez Villa de Mislata"]
[Site "Mislata ESP"]
[Date "2005.08.19"]
[Round "2.15"]
[White "Pallardo Lozoya, Jose Vicente"]
[Black "Folch Zaragoza, Jose"]
[Result "1-0"]
[WhiteElo "2278"]
[BlackElo "1998"]
[PlyCount "75"]
[EventDate "2005.08.18"]
[EventType "swiss"]
[EventRounds "9"]
[EventCountry "ESP"]
[Source "lmi"]
[SourceDate "2005.08.27"]

1. e4 e5 2. Nf3 Nc6 3. Bb5 a6 4. Ba4 Nf6 5. d3 b5 6. Bb3 Be7 7. O-O d6 8. c3
Na5 9. Bc2 c5 10. Nbd2 Nc6 11. Re1 O-O 12. Nf1 Bg4 13. Ng3 Qc7 14. h3 Be6 15.
Bg5 h6 16. Be3 d5 17. Nh4 dxe4 18. dxe4 Ng4 19. hxg4 Bxh4 20. Nf5 Bxf5 21. exf5
Ne7 22. g5 Bxg5 23. Bxg5 hxg5 24. f6 Ng6 25. Qh5 gxf6 26. Qh6 Rfd8 27. Re3 g4
28. Rg3 Qd7 29. Bxg6 fxg6 30. Qxg6+ Qg7 31. Qf5 Kf7 32. Rxg4 Qh6 33. g3 Rh8 34.
Qd7+ Kf8 35. Rh4 Qg7 36. Qd6+ Kf7 37. Qd5+ Ke7 38. Qb7+ 1-0

[Event "39. Torneo de Ajedrez Villa de Mislata"]
[Site "Mislata ESP"]
[Date "2005.08.20"]
[Round "3.1"]
[White "Cabrera, Alexis"]
[Black "Pavia Miralles, Jose Manuel"]
[Result "1-0"]
[WhiteElo "2500"]
[BlackElo "2268"]
[PlyCount "67"]
[EventDate "2005.08.18"]
[EventType "swiss"]
[EventRounds "9"]
[EventCountry "ESP"]
[Source "lmi"]
[SourceDate "2005.08.27"]

1. e4 c5 2. Nf3 e6 3. c4 d6 4. d4 cxd4 5. Nxd4 Nf6 6. Nc3 Be7 7. Be2 a6 8. Be3
Qc7 9. O-O b6 10. Rc1 Bb7 11. f3 O-O 12. b4 Nbd7 13. Rc2 Rac8 14. Qb1 Rfe8 15.
Rfc1 Qb8 16. Na4 Bf8 17. Kh1 Nxe4 18. fxe4 Bxe4 19. b5 axb5 20. Qxb5 Bxc2 21.
Rxc2 Qc7 22. Bf3 e5 23. Nc6 Ra8 24. Nxb6 Ra3 25. Nd5 Rxe3 26. Nxe3 e4 27. Bg4
Nf6 28. Nd5 Nxd5 29. cxd5 e3 30. a4 Re4 31. Bf3 Rf4 32. a5 Qd7 33. Qe2 Qf5 34.
Rc1 1-0

[Event "39. Torneo de Ajedrez Villa de Mislata"]
[Site "Mislata ESP"]
[Date "2005.08.20"]
[Round "3.2"]
[White "Gongora, Maikel"]
[Black "Asensio Liñan, Teodoro"]
[Result "1/2-1/2"]
[WhiteElo "2466"]
[BlackElo "2228"]
[PlyCount "150"]
[EventDate "2005.08.18"]
[EventType "swiss"]
[EventRounds "9"]
[EventCountry "ESP"]
[Source "lmi"]
[SourceDate "2005.08.27"]

1. e4 e5 2. Nf3 Nc6 3. Bb5 a6 4. Ba4 Nf6 5. O-O Nxe4 6. d4 exd4 7. Re1 d5 8.
Nxd4 Bd6 9. Nxc6 Bxh2+ 10. Kh1 Qh4 11. Rxe4+ dxe4 12. Qd8+ Qxd8 13. Nxd8+ Kxd8
14. Kxh2 Be6 15. Nc3 c5 16. Nxe4 b5 17. Nxc5 bxa4 18. Nxa4 Ke7 19. b3 Rhd8 20.
Be3 Rac8 21. c4 Rc6 22. Rc1 Rd3 23. Nb2 Rd7 24. Kg3 Bf5 25. f3 Kf6 26. b4 Be6
27. a4 Rdc7 28. Bd4+ Kf5 29. b5 axb5 30. axb5 Rxc4 31. Nxc4 Rxc4 32. Rxc4 Bxc4
33. b6 Bd5 34. Bxg7 h5 35. Bc3 Bb7 36. Kh4 Kg6 37. Bb4 Bc6 38. Be7 Bb7 39. Kg3
Kf5 40. Bh4 Ke5 41. Kf2 Bc6 42. Ke3 Bb7 43. Bg3+ Kf5 44. Kd4 Ba8 45. Bc7 Bb7
46. Kc5 Ke6 47. Bg3 Ba8 48. Kb5 Bb7 49. Kc4 Kf5 50. Kd4 Ba8 51. Bh4 Bb7 52. Ke3
Bc6 53. Bd8 Bb7 54. Kf2 Bc6 55. Kg3 Bb7 56. Kh4 Kg6 57. Bc7 Bc6 58. Be5 Bb7 59.
Bf4 Bc6 60. Bg5 Bb7 61. Bd8 Bc6 62. g4 hxg4 63. fxg4 f5 64. g5 f4 65. Bc7 f3
66. Bg3 Bb7 67. Kg4 Bc6 68. Kf4 Bb7 69. Bf2 Ba8 70. Be3 Bb7 71. Ke5 f2 72. Bxf2
Kxg5 73. Kd6 Kf5 74. Kc7 Be4 75. b7 Bxb7 1/2-1/2

[Event "39. Torneo de Ajedrez Villa de Mislata"]
[Site "Mislata ESP"]
[Date "2005.08.20"]
[Round "3.3"]
[White "Veingold, Aleksandr"]
[Black "Penades Ordaz, Victor"]
[Result "1-0"]
[WhiteElo "2465"]
[BlackElo "2207"]
[PlyCount "111"]
[EventDate "2005.08.18"]
[EventType "swiss"]
[EventRounds "9"]
[EventCountry "ESP"]
[Source "lmi"]
[SourceDate "2005.08.27"]

1. d4 Nf6 2. c4 g6 3. Nc3 Bg7 4. e4 d6 5. Nf3 O-O 6. Be2 e5 7. O-O Nc6 8. d5
Ne7 9. b4 Nh5 10. Re1 f5 11. Ng5 Nf6 12. f3 c6 13. Be3 Bh6 14. h4 cxd5 15. cxd5
f4 16. Bf2 Bxg5 17. hxg5 Ne8 18. Rc1 Bd7 19. Bb5 Nc7 20. Qd3 Nc8 21. Bxd7 Qxd7
22. a4 Nb6 23. a5 Nc8 24. Re2 Ne7 25. Rec2 Rfc8 26. b5 a6 27. b6 Ne8 28. Kh2
Ng7 29. Ne2 Rxc2 30. Rxc2 Rc8 31. Rxc8+ Qxc8 32. Qc3 Kf7 33. Qxc8 Nxc8 34. g3
fxg3+ 35. Kxg3 Ne8 36. Be3 Ne7 37. Nc1 Ng8 38. Nd3 Ke7 39. Nb2 Kd7 40. f4 exf4+
41. Bxf4 Ke7 42. Nc4 Kd7 43. Kf3 Ke7 44. Ke3 Kd7 45. Kd3 Ne7 46. Kd4 Nc8 47. e5
dxe5+ 48. Nxe5+ Ke7 49. Nc6+ Kd7 50. Nb8+ Ke7 51. Nxa6 Ned6 52. Nc5 Nf5+ 53.
Kc4 Ncd6+ 54. Bxd6+ Nxd6+ 55. Kb4 Kd8 56. Nxb7+ 1-0

[Event "39. Torneo de Ajedrez Villa de Mislata"]
[Site "Mislata ESP"]
[Date "2005.08.20"]
[Round "3.5"]
[White "Ortega Hermida, Daniel"]
[Black "Sanchez Romero, Miguel Angel"]
[Result "1-0"]
[WhiteElo "2396"]
[BlackElo "2197"]
[PlyCount "68"]
[EventDate "2005.08.18"]
[EventType "swiss"]
[EventRounds "9"]
[EventCountry "ESP"]
[Source "lmi"]
[SourceDate "2005.08.27"]

1. d4 Nf6 2. Nf3 g6 3. g3 Bg7 4. Bg2 O-O 5. O-O d6 6. c4 Nbd7 7. Nc3 e5 8. e4
exd4 9. Nxd4 Re8 10. h3 a6 11. Be3 Rb8 12. b3 c5 13. Nde2 b5 14. Qxd6 b4 15.
Na4 Nxe4 16. Bxe4 Bxa1 17. Rxa1 Rxe4 18. Nxc5 Rxe3 19. fxe3 Rb6 20. Qd4 Qf6 21.
Ne4 Qe5 22. c5 Rc6 23. Rd1 f5 24. Nd6 Qxc5 25. Nxc8 Rxc8 26. Qxd7 Qxe3+ 27. Kf1
Qf3+ 28. Ke1 Qh1+ 29. Kf2 Qh2+ 30. Kf3 Rf8 31. Qe6+ Kg7 32. Rd7+ Kh6 33. Qe7
Qh1+ 34. Kf2 Qh2+ 1-0

[Event "39. Torneo de Ajedrez Villa de Mislata"]
[Site "Mislata ESP"]
[Date "2005.08.20"]
[Round "3.6"]
[White "Defez Gomez, Juan Francisco"]
[Black "Garcia Roman, Daniel"]
[Result "1/2-1/2"]
[WhiteElo "2196"]
[BlackElo "2390"]
[PlyCount "57"]
[EventDate "2005.08.18"]
[EventType "swiss"]
[EventRounds "9"]
[EventCountry "ESP"]
[Source "lmi"]
[SourceDate "2005.08.27"]

1. e4 Nf6 2. e5 Nd5 3. c4 Nb6 4. d4 d6 5. exd6 cxd6 6. Nc3 g6 7. Be3 Bg7 8. Rc1
O-O 9. Be2 d5 10. c5 Nc4 11. Bxc4 dxc4 12. Nge2 Nc6 13. O-O Bf5 14. b3 Bd3 15.
bxc4 Bxc4 16. Qa4 Ba6 17. Rfd1 e6 18. Nf4 Qa5 19. Qxa5 Nxa5 20. d5 exd5 21.
Nfxd5 Bc4 22. Bg5 Kh8 23. Be7 Rfc8 24. Bd6 Bxd5 25. Nxd5 Rg8 26. Rd3 Nc6 27.
Ne7 Rge8 28. Re1 Nxe7 29. Rde3 1/2-1/2

[Event "39. Torneo de Ajedrez Villa de Mislata"]
[Site "Mislata ESP"]
[Date "2005.08.20"]
[Round "3.7"]
[White "Garcia Fernandez, Carlos"]
[Black "Benavent Espi, Vicente"]
[Result "1-0"]
[WhiteElo "2349"]
[BlackElo "2163"]
[PlyCount "63"]
[EventDate "2005.08.18"]
[EventType "swiss"]
[EventRounds "9"]
[EventCountry "ESP"]
[Source "lmi"]
[SourceDate "2005.08.27"]

1. e4 Nf6 2. d3 e5 3. Nf3 Nc6 4. c3 d5 5. Nbd2 Bc5 6. Be2 a5 7. O-O O-O 8. b3
Nh5 9. g3 Kh8 10. Bb2 Nf6 11. Kg2 Qd7 12. Ng1 Ng8 13. f4 exf4 14. gxf4 dxe4 15.
Nxe4 Bxg1 16. Kxg1 Qh3 17. Qe1 f5 18. Ng5 Qe3+ 19. Qf2 Qxf2+ 20. Kxf2 Nf6 21.
c4 h6 22. Nf3 Ng4+ 23. Ke1 Rf7 24. Kd2 Bd7 25. Rg1 Re8 26. Rg2 Ree7 27. Rag1
Kh7 28. a3 Nf6 29. Nh4 Ng4 30. h3 g5 31. fxg5 hxg5 32. Nf3 1-0

[Event "39. Torneo de Ajedrez Villa de Mislata"]
[Site "Mislata ESP"]
[Date "2005.08.20"]
[Round "3.9"]
[White "Kovacevic, Slobodan"]
[Black "Vallejo Diaz, Javier"]
[Result "1-0"]
[WhiteElo "2314"]
[BlackElo "2156"]
[PlyCount "139"]
[EventDate "2005.08.18"]
[EventType "swiss"]
[EventRounds "9"]
[EventCountry "ESP"]
[Source "lmi"]
[SourceDate "2005.08.27"]

1. d4 Nf6 2. Nf3 g6 3. Bg5 Bg7 4. Nbd2 d6 5. c3 c5 6. dxc5 dxc5 7. e4 Nc6 8.
Be2 O-O 9. O-O Qc7 10. Re1 Rd8 11. Qc2 b6 12. a4 Bb7 13. Bh4 Nh5 14. Nc4 h6 15.
Ne3 Nf4 16. Bf1 g5 17. Bg3 e6 18. Nc4 Ba6 19. Nfd2 Rd7 20. Na3 Bxf1 21. Kxf1
Rad8 22. Ndc4 Ne5 23. Bxf4 gxf4 24. f3 Kf8 25. Red1 Ke7 26. Rxd7+ Rxd7 27. Nxe5
Bxe5 28. Rd1 Rxd1+ 29. Qxd1 Qd7 30. Qc2 a6 31. Ke2 Bc7 32. Qd3 Qd8 33. Qc4 Qg8
34. Kf1 Qc8 35. a5 Qd8 36. Ke2 Qg8 37. Kf1 Qd8 38. Ke1 Qd6 39. Qxa6 bxa5 40.
Qxd6+ Kxd6 41. Ke2 Kc6 42. Kd3 Bb8 43. Kc4 a4 44. Nc2 Be5 45. Ne1 Bd6 46. Nd3
f6 47. Nf2 h5 48. Nh1 Bb8 49. Nf2 Be5 50. Nd3 Bd6 51. Ne1 Be5 52. Nc2 Bd6 53.
Na3 Bb8 54. Kd3 Bc7 55. Kc2 Kb6 56. Kd2 Kc6 57. Ke1 Kd7 58. Kf2 Ke7 59. Nc4 Kf8
60. g4 h4 61. h3 Ke7 62. Ke2 Kd7 63. Kd3 Bd8 64. Na3 Kc6 65. Kc4 Bc7 66. Nc2
Bd6 67. Ne1 Be7 68. Ng2 Kd6 69. Nxf4 Bd8 70. Ng6 1-0

[Event "39. Torneo de Ajedrez Villa de Mislata"]
[Site "Mislata ESP"]
[Date "2005.08.20"]
[Round "3.10"]
[White "Carbonell Bofill, Carlos"]
[Black "Garcia Trobat, Francisco"]
[Result "1-0"]
[WhiteElo "2156"]
[BlackElo "2313"]
[PlyCount "91"]
[EventDate "2005.08.18"]
[EventType "swiss"]
[EventRounds "9"]
[EventCountry "ESP"]
[Source "lmi"]
[SourceDate "2005.08.27"]

1. Nf3 d6 2. h3 e5 3. c4 f5 4. Nc3 Nf6 5. d4 e4 6. Nh2 Be7 7. g4 O-O 8. Bg5 c6
9. Qb3 a5 10. gxf5 a4 11. Nxa4 Qa5+ 12. Nc3 Qxf5 13. Be3 b5 14. cxb5+ Be6 15.
Qc2 cxb5 16. Rg1 b4 17. Rg5 bxc3 18. bxc3 Nd5 19. Rxf5 Bxf5 20. Bg2 Nxe3 21.
fxe3 d5 22. Qb3 Ra5 23. Qb6 Bd8 24. Qd6 Nd7 25. Ng4 Bxg4 26. hxg4 Nb6 27. g5
Nc4 28. Qe6+ Kh8 29. Bxe4 Bxg5 30. Bf3 Nxe3 31. Kf2 Raa8 32. a4 Rf6 33. Qd7 Nc2
34. Rh1 Be3+ 35. Kg3 Rg6+ 36. Bg4 Rf8 37. Rf1 Rg8 38. Qf7 Bd2 39. a5 Ne3 40.
Rf4 Be1+ 41. Kf3 Nxg4 42. Rxg4 Rf6+ 43. Qxf6 gxf6 44. Rxg8+ Kxg8 45. a6 Bxc3
46. e3 1-0

[Event "39. Torneo de Ajedrez Villa de Mislata"]
[Site "Mislata ESP"]
[Date "2005.08.20"]
[Round "3.11"]
[White "Cruz Ravina, Francisco Javier"]
[Black "Gonzalez Aguirre, Luis"]
[Result "1-0"]
[WhiteElo "2303"]
[BlackElo "2153"]
[PlyCount "69"]
[EventDate "2005.08.18"]
[EventType "swiss"]
[EventRounds "9"]
[EventCountry "ESP"]
[Source "lmi"]
[SourceDate "2005.08.27"]

1. e4 c6 2. d4 d5 3. exd5 cxd5 4. c4 Nf6 5. Nc3 Nc6 6. Nf3 Bg4 7. cxd5 Nxd5 8.
Qb3 Bxf3 9. gxf3 Nb6 10. Be3 e6 11. O-O-O Be7 12. d5 exd5 13. Nxd5 Nxd5 14. Bc4
Qc7 15. Bxd5 Nb4+ 16. Kb1 Nxd5 17. Qxd5 O-O 18. Rc1 Qd6 19. Rhd1 Qxh2 20. f4
Rad8 21. Qe4 Rxd1 22. Rxd1 Qh5 23. Rg1 Bh4 24. Bd4 f6 25. Qxb7 Qf5+ 26. Ka1 g5
27. fxg5 Bxg5 28. Be3 Kh8 29. Rxg5 fxg5 30. Bd4+ Rf6 31. Qe7 Kg8 32. Qxf6 Qxf6
33. Bxf6 h6 34. Bd4 a6 35. Be3 1-0

[Event "39. Torneo de Ajedrez Villa de Mislata"]
[Site "Mislata ESP"]
[Date "2005.08.20"]
[Round "3.12"]
[White "Gomez Jurado, Luis Alberto"]
[Black "Jordan Arenas, Manuel"]
[Result "0-1"]
[WhiteElo "2292"]
[BlackElo "2151"]
[PlyCount "99"]
[EventDate "2005.08.18"]
[EventType "swiss"]
[EventRounds "9"]
[EventCountry "ESP"]
[Source "lmi"]
[SourceDate "2005.08.27"]

1. d4 Nf6 2. Nf3 g6 3. c4 Bg7 4. Nc3 O-O 5. e4 d6 6. Be2 e5 7. Be3 exd4 8. Nxd4
Re8 9. f3 c6 10. Bf2 d5 11. exd5 cxd5 12. O-O Nc6 13. c5 Ne5 14. Qb3 Bf8 15.
Bb5 Bd7 16. Nxd5 Nxd5 17. Qxd5 Bxb5 18. Qxd8 Rexd8 19. Nxb5 Nd3 20. b4 Nxb4 21.
Nd6 b6 22. Rfd1 Na6 23. Nb7 Rxd1+ 24. Rxd1 Nxc5 25. Nxc5 bxc5 26. g4 Rc8 27.
Rc1 f6 28. Kf1 Kf7 29. Ke2 Ke6 30. Rb1 Rc7 31. Kd3 c4+ 32. Kc2 Bd6 33. Re1+ Kd5
34. Rd1+ Ke6 35. Re1+ Kf7 36. Bd4 f5 37. Kc3 a5 38. Re2 Bb4+ 39. Kc2 Rd7 40.
Be5 Rd3 41. gxf5 gxf5 42. f4 Ra3 43. Bb2 Rf3 44. Re5 Rxf4 45. a3 Rf2+ 46. Kb1
Bd6 47. Rxa5 Bxh2 48. Ra7+ Kg6 49. Rg7+ Kh6 50. Rc7 0-1

[Event "39. Torneo de Ajedrez Villa de Mislata"]
[Site "Mislata ESP"]
[Date "2005.08.20"]
[Round "3.15"]
[White "Torres Sanchez, Jose"]
[Black "Capella Gimenez, Jose Manuel"]
[Result "1/2-1/2"]
[WhiteElo "2283"]
[BlackElo "2111"]
[PlyCount "97"]
[EventDate "2005.08.18"]
[EventType "swiss"]
[EventRounds "9"]
[EventCountry "ESP"]
[Source "lmi"]
[SourceDate "2005.08.27"]

1. d4 d5 2. c4 c6 3. Nc3 Nf6 4. Nf3 dxc4 5. e4 b5 6. e5 Nd5 7. Ng5 e6 8. Qh5 g6
9. Qf3 f5 10. exf6 Qxf6 11. Nxd5 Qxf3 12. Nc7+ Kd7 13. gxf3 Bb4+ 14. Ke2 Kxc7
15. Bf4+ Kb6 16. Be5 Re8 17. Nxh7 Nd7 18. f4 Be7 19. h4 c5 20. Bg2 Bb7 21. Rag1
Bxg2 22. Rxg2 cxd4 23. Bxd4+ Bc5 24. Be5 Nxe5 25. fxe5 Bd4 26. b3 Bxe5 27. Rxg6
c3 28. Nf8 Rad8 29. Rd1 c2 30. Rc1 Rxf8 31. Rxe6+ Bd6 32. Rxc2 Rfe8 33. Rxe8
Rxe8+ 34. Kf3 Rh8 35. Kg4 Rg8+ 36. Kf5 Rh8 37. Kg4 Rg8+ 38. Kf5 Be7 39. h5 Rg5+
40. Ke6 Bc5 41. f4 Rxh5 42. f5 Rh6+ 43. Kd5 Be7 44. Rg2 Rc6 45. Rg8 Rf6 46. Ke5
Rc6 47. Kd5 Rf6 48. Ke5 Rc6 49. Kd5 1/2-1/2